Success plus / (Record no. 56152)

MARC details
000 -LEADER
fixed length control field 00779nam a22002057a 4500
005 - DATE AND TIME OF LATEST TRANSACTION
control field 20110901123647.0
010 ## - LCCN (DPL NO)
LC control number G-001304
020 ## - INTERNATIONAL STANDARD BOOK NUMBER
International Standard Book Number 9789380018164
Terms of availability 110.00
035 ## - SYSTEM CONTROL NUMBER
System control number G-001304
037 ## - SOURCE OF ACQUISITION
Source of stock number/acquisition Gift
082 ## - DEWEY DECIMAL CLASSIFICATION NUMBER
Classification number 155.4182
100 ## - MAIN ENTRY--PERSONAL NAME
Personal name Agarwal, Radharaman
245 ## - TITLE STATEMENT
Title Success plus /
Statement of responsibility, etc by Radharaman Agarwal
260 ## - PUBLICATION, DISTRIBUTION, ETC. (IMPRINT)
Place of publication, distribution, etc Jaipur
Name of publisher, distributor, etc Shyam Prakashan
Date of publication, distribution, etc 2009
270 ## - ADDRESS
Address Geetanjali Appartment, 1926, Nataniyon Ka Rasta,
City Jaipur
Postal code 302003
300 ## - PHYSICAL DESCRIPTION
Extent 224p.
Dimensions 21cm, (pbk)
942 ## - ADDED ENTRY ELEMENTS (KOHA)
Source of classification or shelving scheme Dewey Decimal Classification
Item type English Books
Call number suffix AGA
Classification part 155.4182
Holdings
Withdrawn status Lost status Not for loan Collection code Home library Current library Date acquired Source of acquisition Cost, normal purchase price Full call number Barcode Copy number Cost, replacement price Koha item type
      Non-fiction Janak Puri Janak Puri 01/09/2011 gift 110.00 155.4182 AGA G-001304 1 110.00 English Books

© Delhi Public Library
Hit Counter
free hit counter